SISTEMA DE BIBLIOTECAS
Carmen Mendoza De Cornielle

Servicios de atención a personas con VIH, con enfoque de mejoramiento continuo de la calidad (MCC) / (Registro nro. 17181)

Detalles MARC
000 -CABECERA
campo de control de longitud fija 01574cam a2200325 i 4500
001 - NÚMERO DE CONTROL
campo de control 17181
003 - IDENTIFICADOR DEL NÚMERO DE CONTROL
campo de control DO-SdUEMH
005 - FECHA Y HORA DE LA ÚLTIMA TRANSACCIÓN
campo de control 20260312222245.0
007 - CAMPO FIJO DE DESCRIPCIÓN FÍSICA--INFORMACIÓN GENERAL
campo de control de longitud fija ta
008 - DATOS DE LONGITUD FIJA--INFORMACIÓN GENERAL
campo de control de longitud fija 211105s2013 dr a|||gr|||| 0|0 ||spa|d
040 ## - FUENTE DE LA CATALOGACIÓN
Centro catalogador/agencia de origen DO-SdUEMH
Lengua de catalogación spa
Normas de descripción rda
082 04 - NÚMERO DE LA CLASIFICACIÓN DECIMAL DEWEY
Colección Colección Dominicana
Número de clasificación 362.1969792
Número de documento/Ítem C433s
100 1# - ENTRADA PRINCIPAL--NOMBRE DE PERSONA
Nombre de persona Chahin, Dulce
9 (RLIN) 3531
Término indicativo de función/relación autora
245 10 - MENCIÓN DE TÍTULO
Título Servicios de atención a personas con VIH, con enfoque de mejoramiento continuo de la calidad (MCC) /
Mención de responsabilidad, etc. Dulce Chahin, Alba Rodríguez ; colaborador: Gercy Mateo ; revisión técnica: Danielle Darrow de Mora, Gregorio Soriano
264 #1 - PRODUCCIÓN, PUBLICACIÓN, DISTRIBUCIÓN, FABRICACIÓN Y COPYRIGHT
Lugar de producción, publicación, distribución, fabricación República Dominicana, Santo Domingo :
Nombre del de productor, editor, distribuidor, fabricante Ministerio de Salud Pública,
Fecha de producción, publicación, distribución, fabricación o copyright 2013
300 ## - DESCRIPCIÓN FÍSICA
Extensión 90 páginas :
Otras características físicas Ilustraciones ;
Dimensiones 23 cm.
336 ## - TIPO DE CONTENIDO
Fuente rdacontent
Término de tipo de contenido texto
Código de tipo de contenido txt
337 ## - TIPO DE MEDIO
Fuente rdamedia
Nombre del tipo de medio sin mediación
Código del tipo de medio n
338 ## - TIPO DE SOPORTE
Fuente rdacarrier
Nombre del tipo de soporte volumen
Código del tipo de soporte nc
490 0# - MENCIÓN DE SERIE
Mención de serie Lecciones aprendidas / 2008-2013
505 2# - NOTA DE CONTENIDO CON FORMATO
Nota de contenido con formato Contexto del sistema de salud -- Planeamiento del problema -- Objetivos de la intervención -- Descripción del abordaje -- Estrategias y líneas de acción -- Implementación del componente de fortalecimiento de los servicios del VIH SIDA -- Guía de herramientas -- Resultados del abordaje -- Lecciones aprendidas.
650 #7 - PUNTO DE ACCESO ADICIONAL DE MATERIA--TÉRMINO DE MATERIA
Término de materia o nombre geográfico como elemento de entrada SIDA
Subdivisión geográfica República Dominicana
9 (RLIN) 3523
650 #4 - PUNTO DE ACCESO ADICIONAL DE MATERIA--TÉRMINO DE MATERIA
Término de materia o nombre geográfico como elemento de entrada Enfermedades de transmisión sexual
Subdivisión geográfica República Dominicana
Subdivisión general Prevención
9 (RLIN) 2711
700 1# - PUNTO DE ACCESO ADICIONAL--NOMBRE DE PERSONA
Nombre de persona Rodríguez, Alba
Término indicativo de función/relación autora
9 (RLIN) 3532
700 1# - PUNTO DE ACCESO ADICIONAL--NOMBRE DE PERSONA
Nombre de persona Darrow de Mora, Danielle
Término indicativo de función/relación revisora
9 (RLIN) 3533
700 1# - PUNTO DE ACCESO ADICIONAL--NOMBRE DE PERSONA
Nombre de persona Soriano, Gregorio
Término indicativo de función/relación revisor
9 (RLIN) 3535
700 1# - PUNTO DE ACCESO ADICIONAL--NOMBRE DE PERSONA
Nombre de persona Mateo, Gercy
Término indicativo de función/relación colaboradora
9 (RLIN) 3534
942 ## - ELEMENTOS DE PUNTO DE ACCESO ADICIONAL (KOHA)
Fuente del sistema de clasificación o colocación Dewey Decimal Classification
Tipo de ítem Koha Libro
Suprimir en OPAC No
Existencias
Estado de retiro Estado de pérdida Fuente del sistema de clasificación o colocación Estado dañado Disponibilidad para préstamo Código de colección Localización permanente Ubicación/localización actual Ubicación en estantería Fecha de adquisición Fuente de adquisición Total de préstamos Signatura topográfica completa Código de barras Fecha visto por última vez Número de copia Precio válido a partir de Tipo de ítem Koha
    Dewey Decimal Classification   Disponible para préstamo Colección Dominicana UNIREMHOS SEDE UNIREMHOS SEDE Colección Dominicana 11/05/2021 Donación   RD 362.1969792 C433s 1600005 11/05/2021 ej. 1 11/05/2021 Libro
UNIREMHOS

Av. Abraham Lincoln no. 126, casi esq. José Contreras,
Santo Domingo, República Dominicana

Correo: info@uniremhos.edu.do

Tel.: (809) 532-3739

Horario: Lunes a Viernes: 8:00 am - 6:00 pm | Sábados: 8:00 am - 12:00 m

📍 Ubicación
UNEFA

Av. 27 de Febrero no. 52, El Vergel,
Santo Domingo, República Dominicana

Tel.: (809) 530-0224

📍 Ubicación
UFHEC

Av. Máximo Gómez esq. César Nicolás Penson, La Esperilla,
Santo Domingo, República Dominicana

Tel.: (809) 537-6000

📍 Ubicación